Delitos relacionados con el sistema integrado de jubilaciones y pensiones (Registro nro. 3386)
[ vista simple ]
| 000 -LEADER | |
|---|---|
| fixed length control field | 01422 a2200229 4500 |
| 001 - CONTROL NUMBER | |
| control field | 41133 |
| 005 - DATE AND TIME OF LATEST TRANSACTION | |
| control field | 20260407155705.0 |
| 008 - FIXED-LENGTH DATA ELEMENTS--GENERAL INFORMATION | |
| fixed length control field | 260407a2003 arg spa d |
| 003 - CONTROL NUMBER IDENTIFIER | |
| control field | AR-UNSa-BCEJYS |
| 040 ## - CATALOGING SOURCE | |
| Original cataloging agency | AR-UNSa-BCEJYS |
| Language of cataloging | spa |
| Transcribing agency | AR-UNSa-BCEJYS |
| 080 ## - UNIVERSAL DECIMAL CLASSIFICATION NUMBER | |
| Universal Decimal Classification number | 343.5 |
| Common auxiliary subdivision | Delitos contra el crédito o fe pública, la ética y la familia (delitos informáticos) |
| 020 ## - INTERNATIONAL STANDARD BOOK NUMBER | |
| International Standard Book Number | 950-894-402-1 |
| 041 ## - LANGUAGE CODE | |
| Language code of text/sound track or separate title | spa |
| 100 1# - MAIN ENTRY--PERSONAL NAME | |
| Personal name | Marum, Elizabeth A. |
| 245 10 - TITLE STATEMENT | |
| Title | Delitos relacionados con el sistema integrado de jubilaciones y pensiones |
| Name of part/section of a work | Incorporación y traspaso indebido de trabajadores. Inversiones ilícitas de fondos. Incumplimiento de las prestaciones previsionales. Análisis de la Ley 24.241 |
| 264 #1 - PRODUCTION, PUBLICATION, DISTRIBUTION, MANUFACTURE, AND COPYRIGHT NOTICE | |
| Place of production, publication, distribution, manufacture | Buenos Aires : |
| Name of producer, publisher, distributor, manufacturer | AD-HOC |
| Date of production, publication, distribution, manufacture, or copyright notice | 2003 |
| 300 ## - PHYSICAL DESCRIPTION | |
| Extent | 397 p. |
| Dimensions | 23 cm. |
| 505 ## - FORMATTED CONTENTS NOTE | |
| Formatted contents note | 1. Delitos contra la integración de los fondos del SIJP (Arts. 132 y 133) - 2. Delitos contra la adecuada imputación de los depósitos al SIJP (Art. 134) - 3. Delitos contra la libertad de elección de la AFJP (Art. 135) - 4. Delitos contra el deber de información (Art. 136) - 5. Delitos contra un fondo de jubiliaciones y pensiones (Arts. 138, 139, 140 y 141) - 6. Delitos por incumplimiento de las prestaciones. Omisión de efectivizar prestaciones (Art. 142) |
| 590 ## - LOCAL NOTE (RLIN) | |
| Local note | niveau_biblio:m niveau_hierar:0 |
| 856 41 - ELECTRONIC LOCATION AND ACCESS | |
| Uniform Resource Identifier | <a href="https://biblioeco.unsa.edu.ar/pmb/images/libros/delitos_Marum.jpg">https://biblioeco.unsa.edu.ar/pmb/images/libros/delitos_Marum.jpg</a> |
| Link text | Imagen de portada |
| Electronic format type | image/jpeg |
| 942 ## - ADDED ENTRY ELEMENTS (KOHA) | |
| Koha item type | |
| Withdrawn status | Lost status | Damaged status | Not for loan | Home library | Current library | Shelving location | Date acquired | Total checkouts | Full call number | Barcode | Date last seen | Price effective from | Koha item type |
|---|---|---|---|---|---|---|---|---|---|---|---|---|---|
| Biblioteca Prof. Eusebio Cleto del Rey | Biblioteca Prof. Eusebio Cleto del Rey | 07/04/2026 | 343.5 M389 | L126395 | 07/04/2026 | 07/04/2026 | Libro |